[Event "27th Summer Universiade in Kazan (Men)"]
[Site "Kazan"]
[Date "2013.07.12"]
[Round "6.12"]
[White "Kravtsiv, Martyn"]
[Black "Rzayev, Bahruz"]
[Result "1-0"]
[WhiteElo "2620"]
[BlackElo "2429"]
[PlyCount "47"]
[EventDate "2013.??.??"]

1. e4 e5 2. Nf3 Nc6 3. d4 exd4 4. Nxd4 Bc5 5. Nb3 Bb6 6. Nc3 d6 7. Qe2 Be6 8.
Be3 Qd7 9. O-O-O O-O-O 10. Bxb6 axb6 11. Nd4 Nge7 12. Qe3 Na5 13. Bb5 c6 14.
Nxe6 fxe6 15. Be2 b5 16. Qa7 Qc7 17. b4 Nc4 18. Bxc4 bxc4 19. Na4 Rdf8 20. Nb6+
Kd8 21. Qa8+ Nc8 22. Rxd6+ Qxd6 23. Qxc8+ Ke7 24. Qxb7+ 1-0

[Event "27th Summer Universiade in Kazan (Men)"]
[Site "Kazan"]
[Date "2013.07.12"]
[Round "6.13"]
[White "Munkhgal, Gombosuren"]
[Black "Tomczak, Jacek"]
[Result "1/2-1/2"]
[WhiteElo "2406"]
[BlackElo "2564"]
[PlyCount "140"]
[EventDate "2013.??.??"]

1. d4 Nf6 2. c4 g6 3. Nc3 d5 4. Bg5 Ne4 5. Bh4 g5 6. Nxe4 dxe4 7. Bxg5 Bg7 8.
Qa4+ Bd7 9. Qa3 Bxd4 10. O-O-O c5 11. e3 Bg7 12. Qxc5 Na6 13. Qa3 Rc8 14. Ne2
Nc5 15. Nc3 O-O 16. Be2 Re8 17. Kb1 b5 18. Nxb5 Qb6 19. Rd2 Bxb5 20. cxb5 Nd3
21. Bxd3 exd3 22. Bxe7 Qxb5 23. Qb4 Qc6 24. a3 a5 25. Qd6 Qb7 26. Rc1 Rxc1+ 27.
Kxc1 Qxe7 28. Qxe7 Rxe7 29. Rxd3 Bf6 30. b3 Rc7+ 31. Kd2 Be7 32. b4 axb4 33.
axb4 Bxb4+ 34. Ke2 Rc2+ 35. Kf1 Rc6 36. g3 Kg7 37. Rd4 Be7 38. Kg2 Rc5 39. Rg4+
Kf6 40. h4 Kf5 41. Rg7 Ke6 42. Rxh7 Rc2 43. Rg7 Bc5 44. Kf1 f6 45. Rg4 Ke5 46.
Ra4 Rb2 47. Ra5 Kd5 48. Kg2 Kc4 49. Ra6 Bb6 50. h5 Kb5 51. h6 Bxe3 52. h7 Rxf2+
53. Kh3 Kxa6 54. h8=Q Bb6 55. Qc8+ Kb5 56. Kg4 Bc5 57. Qe6 Kb4 58. Kh5 Bd4 59.
Qc6 Rf5+ 60. Kg4 Rf2 61. Qc8 Be5 62. Qb7+ Kc3 63. Qc6+ Kd2 64. Qd5+ Ke3 65.
Qb3+ Ke4 66. Kh5 Rf5+ 67. Kh4 Rf3 68. Qc4+ Ke3 69. Qb3+ Ke4 70. Qc2+ Ke3
1/2-1/2

[Event "27th Summer Universiade in Kazan (Men)"]
[Site "Kazan"]
[Date "2013.07.12"]
[Round "6.14"]
[White "Tazbir, Marcin"]
[Black "Sarenac, Ivan"]
[Result "1-0"]
[WhiteElo "2561"]
[BlackElo "2410"]
[PlyCount "111"]
[EventDate "2013.??.??"]

1. e4 e5 2. Nf3 d6 3. d4 exd4 4. Nxd4 Nf6 5. Nc3 Be7 6. Be2 O-O 7. O-O Re8 8.
Re1 Bf8 9. Bf1 c5 10. Nf3 Nc6 11. Bg5 h6 12. Bh4 Be6 13. Bb5 g5 14. Bg3 d5 15.
exd5 Nxd5 16. Nxd5 Qxd5 17. Ne5 Bg7 18. Qxd5 Bxd5 19. c4 Nxe5 20. cxd5 Re7 21.
f4 gxf4 22. Bh4 f6 23. d6 Rf7 24. Rad1 Rff8 25. Rxe5 fxe5 26. d7 Rad8 27. Rd6
e4 28. Re6 Rb8 29. Be7 Kf7 30. Bc4 Rh8 31. Bxc5 Bf6 32. Bxa7 Rbd8 33. Rxe4+ Kg7
34. Bb5 Ra8 35. Bd4 Bxd4+ 36. Rxd4 Kf6 37. a4 Ke5 38. Rd1 h5 39. Kf2 h4 40.
Re1+ Kd6 41. h3 Rad8 42. b4 Rh5 43. Re8 Kc7 44. Be2 Rd5 45. Bg4 Rd4 46. b5 Rb4
47. Kf3 b6 48. Re6 Rc4 49. Rf6 Ra8 50. Ke2 Rd8 51. Kd3 Rxa4 52. Rc6+ Kb7 53.
Rc8 Ra3+ 54. Kd4 Rxd7+ 55. Bxd7 Ra2 56. Rc3 1-0

[Event "27th Summer Universiade in Kazan (Men)"]
[Site "Kazan"]
[Date "2013.07.12"]
[Round "6.17"]
[White "Georgescu, Tiberiu-Marian"]
[Black "Ibarra Chami, Luis Fernando"]
[Result "1-0"]
[WhiteElo "2396"]
[BlackElo "2482"]
[PlyCount "97"]
[EventDate "2013.??.??"]

1. d4 Nf6 2. c4 e6 3. Nc3 Bb4 4. Qc2 c5 5. dxc5 Na6 6. a3 Bxc3+ 7. Qxc3 Nxc5 8.
b4 Nce4 9. Qb2 d5 10. c5 d4 11. Nf3 Ng4 12. e3 Nexf2 13. Bb5+ Bd7 14. Bxd7+
Qxd7 15. O-O dxe3 16. h3 Nd3 17. Qxg7 O-O-O 18. Qxg4 e2 19. Re1 Rhg8 20. Qe4
Nxe1 21. Nxe1 Qd1 22. Bb2 Rd5 23. Kh2 Qd2 24. Bf6 Rg6 25. Bh8 Rg8 26. Bf6 Rf5
27. Be5 Rgg5 28. Qd4 Qxd4 29. Bxd4 Rd5 30. Bc3 Rd1 31. Ra2 Rb1 32. Rxe2 Rd5 33.
Nf3 Rb3 34. Bb2 Rd1 35. Ne5 Rb1 36. Nc4 Rf1 37. Rd2 f6 38. Nd6+ Kd7 39. Nxb7+
Kc7 40. c6 Re3 41. b5 e5 42. Rd7+ Kb6 43. Nd6 Re2 44. Rb7+ Ka5 45. Rxa7+ Kb6
46. Rb7+ Ka5 47. Nc4+ Ka4 48. c7 Rff2 49. Ne3 1-0

[Event "27th Summer Universiade in Kazan (Men)"]
[Site "Kazan"]
[Date "2013.07.12"]
[Round "6.18"]
[White "Stanciu, Alexandru-Ovidiu"]
[Black "Anton, Teodor"]
[Result "1/2-1/2"]
[WhiteElo "2346"]
[BlackElo "2438"]
[PlyCount "35"]
[EventDate "2013.??.??"]

1. c4 c5 2. Nc3 Nc6 3. g3 g6 4. Bg2 Bg7 5. e3 e6 6. Nge2 Nge7 7. O-O O-O 8. d4
cxd4 9. Nxd4 Nxd4 10. exd4 d5 11. cxd5 Nxd5 12. Nxd5 exd5 13. Be3 Be6 14. Qd2
Qb6 15. Rfc1 Rfc8 16. h4 h5 17. b3 a5 18. Bf1 1/2-1/2

[Event "27th Summer Universiade in Kazan (Men)"]
[Site "Kazan"]
[Date "2013.07.12"]
[Round "6.19"]
[White "Mammadov, Zaur"]
[Black "Nguyen, Van Hai"]
[Result "1-0"]
[WhiteElo "2437"]
[BlackElo "2353"]
[PlyCount "89"]
[EventDate "2013.??.??"]

1. e4 e6 2. d4 d5 3. e5 c5 4. c3 Qb6 5. Nf3 Bd7 6. Be2 Bb5 7. O-O Bxe2 8. Qxe2
Qa6 9. Qd1 Nc6 10. dxc5 Bxc5 11. b4 Be7 12. Be3 b6 13. a4 Qb7 14. Qe2 a6 15.
Nbd2 Bd8 16. b5 Na5 17. Nd4 Ne7 18. f4 g6 19. Rfb1 Nf5 20. Nxf5 gxf5 21. bxa6
Qxa6 22. Qf2 Nc4 23. Nxc4 Qxc4 24. Bxb6 Bxb6 25. Rxb6 Qxc3 26. Rab1 Rc8 27. h3
Kf8 28. Qh4 Rg8 29. Rb7 Rg7 30. Rb8 Rg6 31. Qxh7 Qc7 32. R8b7 Qc5+ 33. Kh1 Rc7
34. Qh8+ Rg8 35. Rb8+ Rc8 36. Qh4 Qc2 37. R1b2 Qc7 38. R8b7 Qc1+ 39. Kh2 Rg7
40. Qh8+ Rg8 41. Rxf7+ Kxf7 42. Rb7+ Rc7 43. Qf6+ Ke8 44. Qxe6+ Kf8 45. Rb8+
1-0

[Event "27th Summer Universiade in Kazan (Men)"]
[Site "Kazan"]
[Date "2013.07.12"]
[Round "6.20"]
[White "Martins, Vinicius Tine"]
[Black "Batchuluun, Tsegmed"]
[Result "0-1"]
[WhiteElo "2391"]
[BlackElo "2517"]
[PlyCount "131"]
[EventDate "2013.??.??"]

1. Nf3 d5 2. d4 Nf6 3. c4 c6 4. cxd5 cxd5 5. Nc3 Nc6 6. Bf4 a6 7. e3 Bg4 8. Be2
e6 9. O-O Bxf3 10. Bxf3 Bd6 11. Bg3 Bxg3 12. hxg3 O-O 13. Rc1 Rc8 14. Na4 Nd7
15. Nc5 Nxc5 16. Rxc5 Ne7 17. Qc2 Rxc5 18. dxc5 Qa5 19. b4 Qxb4 20. Rb1 Qa5 21.
Rxb7 Nc6 22. Rb6 Ne5 23. Qb1 Nd7 24. Rc6 Nxc5 25. Be2 h6 26. Bf1 Ne4 27. Bxa6
Ra8 28. Bd3 Qd2 29. Bxe4 dxe4 30. Rc2 Qd5 31. Rb2 Kh7 32. Qc2 f5 33. Qd2 Qd3
34. Qxd3 exd3 35. Rd2 Ra3 36. f4 g5 37. Kf2 Kg6 38. Rb2 Kh5 39. Kf3 Rc3 40.
fxg5 hxg5 41. g4+ fxg4+ 42. Ke4 Kh4 43. a4 Rc2 44. Rb1 d2 45. Rd1 Kg3 46. Kd3
Ra2 47. Rxd2 Rxa4 48. Rb2 e5 49. e4 Rd4+ 50. Ke3 Rd8 51. Rb5 Re8 52. Rb2 Kh2
53. Rf2 g3 54. Rb2 g4 55. Ra2 Rf8 56. Ra5 Re8 57. Ra2 Rf8 58. Ra5 Kxg2 59. Rxe5
Kf1 60. Rg5 g2 61. Rxg4 g1=Q+ 62. Rxg1+ Kxg1 63. e5 Kg2 64. Ke4 Kg3 65. e6 Kg4
66. Kd4 0-1

[Event "27th Summer Universiade in Kazan (Men)"]
[Site "Kazan"]
[Date "2013.07.12"]
[Round "6.23"]
[White "Zulkifli, Muhd Syazwan"]
[Black "Nestorovic, Nikola"]
[Result "1/2-1/2"]
[WhiteElo "2063"]
[BlackElo "2461"]
[PlyCount "100"]
[EventDate "2013.??.??"]

1. d4 Nf6 2. Nf3 c5 3. d5 b5 4. e3 Qa5+ 5. Bd2 Qb6 6. c4 bxc4 7. Nc3 d6 8. Bxc4
g6 9. O-O Bg7 10. Rc1 O-O 11. b3 Nbd7 12. h3 Ba6 13. Qc2 Qb7 14. Qd3 Bxc4 15.
bxc4 Rab8 16. Rb1 Qa6 17. e4 Rb4 18. Nb5 Rxb1 19. Rxb1 Nb6 20. Bc3 Nfd7 21.
Bxg7 Kxg7 22. Qc3+ Kg8 23. Qa3 Qxa3 24. Nxa3 h6 25. Kf1 f5 26. Re1 fxe4 27.
Rxe4 Kf7 28. Rh4 Kg7 29. Re4 Rf7 30. Ke2 Nf6 31. Re6 Nh5 32. g3 Kh7 33. Re4 Nf6
34. Re6 Nfd7 35. Re4 Kg8 36. Re6 Rg7 37. Nd2 a6 38. f4 Kf7 39. Nc2 Rg8 40. Ne3
Nf6 41. f5 h5 42. fxg6+ Rxg6 43. Nf5 Ng8 44. Rxg6 Kxg6 45. g4 hxg4 46. hxg4 Nd7
47. Kf3 Ne5+ 48. Kg3 Nf7 49. Ne4 Ne5 50. Nd2 Nf7 1/2-1/2

[Event "27th Summer Universiade in Kazan (Men)"]
[Site "Kazan"]
[Date "2013.07.12"]
[Round "6.24"]
[White "Atabayev, Maksat"]
[Black "Markov, Mikhail"]
[Result "1-0"]
[WhiteElo "2460"]
[BlackElo "2305"]
[PlyCount "51"]
[EventDate "2013.??.??"]

1. e4 c5 2. Nf3 d6 3. d4 cxd4 4. Nxd4 Nf6 5. Nc3 a6 6. Be2 e6 7. O-O Qc7 8. a4
Be7 9. f4 Nbd7 10. Bf3 Nb6 11. Kh1 O-O 12. g4 e5 13. Nf5 Bxf5 14. exf5 exf4 15.
g5 Nfd7 16. Bxf4 Ne5 17. Be4 Rfe8 18. Bxe5 dxe5 19. f6 Rad8 20. Qf3 Bf8 21.
fxg7 Bxg7 22. Qh5 Qc4 23. Qxh7+ Kf8 24. g6 f6 25. Rxf6+ Bxf6 26. Bd5 1-0

[Event "27th Summer Universiade 2013 Kazan,Russ"]
[Site "Kazan,Russia"]
[Date "2013.07.12"]
[Round "6.25"]
[White "Lapcevic, Milos"]
[Black "Galmandakh, Badrakh"]
[Result "0-1"]
[WhiteElo "2403"]
[BlackElo "2203"]
[PlyCount "122"]
[EventDate "2013.07.09"]

1. d4 g6 2. c4 Bg7 3. e4 d6 4. Nc3 Nc6 5. Nge2 e5 6. d5 Nd4 7. Be3 Nxe2 8. Bxe2
f5 9. f3 Bh6 10. Bxh6 Nxh6 11. Qd2 Nf7 12. exf5 Bxf5 13. h4 Qf6 14. Nb5 Qd8 15.
O-O-O O-O 16. Nc3 Qf6 17. g3 a6 18. a3 Rab8 19. Rh2 Kg7 20. Rdh1 Rbe8 21. Rf1
h6 22. Rhf2 Bh3 23. Ne4 Qe7 24. Rh1 Bf5 25. Qe3 c6 26. Bd3 Rc8 27. Kb1 b5 28.
h5 bxc4 29. hxg6 Ng5 30. Bxc4 Bxg6 31. Ka1 Rxf3 32. Rxf3 Bxe4 33. Rff1 cxd5 34.
Bxa6 Rc6 35. Bd3 Bxh1 36. Rxh1 e4 37. Bb1 Rc7 38. Qf4 Qe5 39. Qh4 Qf6 40. Qf4
d4 41. Qd2 d3 42. Qb4 Qe5 43. Qb8 Rf7 44. Ba2 e3 45. Bxf7 Nxf7 46. Qb4 d2 47.
Qg4+ Ng5 48. Qe2 Qe4 49. Rf1 d5 50. Rf4 Qc2 51. Rd4 d1=Q+ 52. Qxd1 Qxd1+ 53.
Rxd1 d4 54. Re1 Nf3 55. Re2 Ng1 56. Re1 e2 57. Rxe2 Nxe2 58. a4 Kf6 59. a5 d3
60. Kb1 Nd4 61. b4 d2 0-1

[Event "27th Summer Universiade 2013 Kazan,Russ"]
[Site "Kazan,Russia"]
[Date "2013.07.12"]
[Round "6.27"]
[White "Haitbayev, Hayrulla"]
[Black "Meskovs, Nikita"]
[Result "0-1"]
[WhiteElo "2088"]
[BlackElo "2372"]
[PlyCount "72"]
[EventDate "2013.07.09"]

1. e4 c5 2. Nf3 e6 3. c3 Nf6 4. e5 Nd5 5. d4 cxd4 6. cxd4 b6 7. Bd3 Be7 8. O-O
Bb7 9. Nc3 Nxc3 10. bxc3 Qc7 11. c4 d6 12. Bf4 Nd7 13. Re1 O-O 14. d5 exd5 15.
cxd5 h6 16. Rc1 Nc5 17. Bb1 dxe5 18. Bxe5 Bd6 19. Ba1 Rad8 20. Rc4 f5 21. Rh4
Qf7 22. Rd4 Rfe8 23. Rxe8+ Rxe8 24. h3 Ne4 25. Nh4 Be5 26. Nxf5 Bxd4 27. Qxd4
Nf6 28. Bc2 Bxd5 29. Ne3 Bxa2 30. Qh4 Be6 31. g4 Nd5 32. g5 Nxe3 33. fxe3 Qf3
34. gxh6 Qxe3+ 35. Kh2 Qd2+ 36. Kg3 Qe1+ 0-1

[Event "27th Summer Universiade 2013 Kazan,Russ"]
[Site "Kazan,Russia"]
[Date "2013.07.12"]
[Round "6.28"]
[White "Tologontegin, Semetey"]
[Black "Wyss, Jonas"]
[Result "1-0"]
[WhiteElo "2370"]
[BlackElo "2270"]
[PlyCount "75"]
[EventDate "2013.07.09"]

1. e4 e6 2. d3 d5 3. Nd2 Nf6 4. Ngf3 dxe4 5. dxe4 Bc5 6. Bd3 e5 7. O-O Nc6 8.
Nc4 Bg4 9. h3 Bh5 10. Bg5 Qe7 11. c3 a5 12. Qe2 Rd8 13. Bc2 h6 14. Bh4 g5 15.
Bg3 Rg8 16. Ne3 g4 17. hxg4 Bxg4 18. Nxg4 Nxg4 19. Bh4 Nf6 20. Qc4 Rg6 21. Rfd1
Rxd1+ 22. Rxd1 Nd8 23. Qb5+ c6 24. Qxa5 b6 25. Qa8 Bd6 26. Qa6 Qc7 27. Qd3 Be7
28. Bg3 Ng4 29. Nh4 Rg8 30. Nf5 h5 31. b4 Ne6 32. Bb3 Nf4 33. Qc4 Bf6 34. Ba4
h4 35. Bxc6+ Kf8 36. Rd7 Ne2+ 37. Kf1 Nxg3+ 38. fxg3 1-0

[Event "27th Summer Universiade 2013 Kazan,Russ"]
[Site "Kazan,Russia"]
[Date "2013.07.12"]
[Round "6.29"]
[White "Hajbok, Robert"]
[Black "Esenov, Annaberdi"]
[Result "1-0"]
[WhiteElo "2367"]
[BlackElo "2255"]
[PlyCount "131"]
[EventDate "2013.07.09"]

1. e4 c5 2. Nf3 d6 3. d4 cxd4 4. Nxd4 Nf6 5. f3 a6 6. c4 e6 7. Nc3 Be7 8. Be3
O-O 9. Be2 Qc7 10. O-O Nc6 11. Qd2 b6 12. Rac1 Ne5 13. Rfd1 Bb7 14. Qe1 Rac8
15. Qf2 Rfe8 16. Na4 Ned7 17. b4 Qb8 18. Nc2 d5 19. Nxb6 Nxb6 20. Bxb6 dxc4 21.
a3 Bc6 22. Bxc4 Bxe4 23. Na1 Bb7 24. Ba7 Qf4 25. Be3 Qf5 26. Nb3 Nd5 27. Bc5
Bg5 28. Bxd5 Bxd5 29. Rc3 h5 30. Qe2 Bf6 31. Nd4 Qe5 32. Qxe5 Bxe5 33. g3 Rc7
34. f4 Bf6 35. Rcd3 Rec8 36. Nf5 a5 37. Ne3 Bf3 38. R1d2 axb4 39. axb4 Ra8 40.
Nc4 Ra1+ 41. Kf2 Bd5 42. Nb6 Be4 43. Re3 Bc6 44. Bd4 Bxd4 45. Rxd4 Bb5 46. Rd2
Rf1+ 47. Kg2 Rb1 48. Re5 Bc6+ 49. Kh3 g6 50. Rd4 Rb7 51. Nc8 Kg7 52. Rc5 Bf3
53. Nd6 R7xb4 54. Rxb4 Rxb4 55. Rc7 g5 56. fxg5 Kg6 57. Nxf7 Rb5 58. g4 Bxg4+
59. Kh4 Bd1 60. Nh8+ Kf5 61. Rf7+ Ke5 62. g6 Rb4+ 63. Kg5 Rg4+ 64. Kh6 Ke4 65.
g7 e5 66. Ng6 1-0

[Event "27th Summer Universiade 2013 Kazan,Russ"]
[Site "Kazan,Russia"]
[Date "2013.07.12"]
[Round "6.30"]
[White "Giron, David"]
[Black "Pham, Chuong"]
[Result "0-1"]
[WhiteElo "2062"]
[BlackElo "2365"]
[PlyCount "72"]
[EventDate "2013.07.09"]

1. e4 c5 2. Nf3 d6 3. d4 cxd4 4. Nxd4 Nf6 5. Nc3 g6 6. Be3 Bg7 7. f3 Nc6 8. Qd2
O-O 9. O-O-O d5 10. exd5 Nxd5 11. Nxc6 bxc6 12. Bd4 e5 13. Bc5 Be6 14. Ne4 Rb8
15. Bc4 Re8 16. g4 h6 17. Bb3 a5 18. c4 Nf4 19. Qxd8 Rexd8 20. Rxd8+ Rxd8 21.
Bb6 Rd3 22. Nc5 Rxf3 23. Nxe6 Nxe6 24. Bxa5 e4 25. Be1 f5 26. Bh4 Nc5 27. gxf5
Nxb3+ 28. axb3 gxf5 29. Kc2 Be5 30. Rg1+ Kf7 31. Rg2 c5 32. Be1 Rf1 33. Bg3 Ke6
34. b4 f4 35. Bxf4 Rxf4 36. bxc5 Rh4 0-1

[Event "27th Summer Universiade 2013 Kazan,Russ"]
[Site "Kazan,Russia"]
[Date "2013.07.12"]
[Round "6.31"]
[White "Gaehler, Marco"]
[Black "Nayan, Ahmad Fadzil"]
[Result "1-0"]
[WhiteElo "2317"]
[BlackElo "2102"]
[PlyCount "107"]
[EventDate "2013.07.09"]

1. g3 d6 2. Bg2 e5 3. e4 Nc6 4. Ne2 g6 5. O-O Bg7 6. c3 Nge7 7. d4 O-O 8. d5
Nb8 9. c4 b6 10. Nbc3 a5 11. Be3 Na6 12. a3 Bd7 13. Rb1 f5 14. f3 Kh8 15. b4
axb4 16. axb4 Ng8 17. Qd2 Qe7 18. Rb2 fxe4 19. Nxe4 Nb8 20. c5 bxc5 21. bxc5
Nf6 22. c6 Bf5 23. Nxf6 Bxf6 24. g4 Bc8 25. Nc3 Na6 26. Ra1 Rb8 27. Rxb8 Nxb8
28. Ne4 Na6 29. Ra5 h5 30. g5 Bg7 31. Bf1 Qf7 32. Bxa6 Bxa6 33. Rxa6 Qxf3 34.
Nf2 h4 35. Ra4 Rb8 36. Rxh4+ Kg8 37. Qd3 Rb2 38. Rh3 Qf7 39. Kg2 Qf5 40. Qxf5
gxf5 41. Rf3 f4 42. Ba7 Kf7 43. Kh3 Rb5 44. Kg4 Rxd5 45. Ne4 Rd1 46. Kf5 Rc1
47. g6+ Ke7 48. Nc3 Kd8 49. Bf2 Rc2 50. Ke6 Ke8 51. h4 Rc1 52. h5 Rh1 53. Nd5
Rxh5 54. Ra3 1-0

[Event "27th Summer Universiade 2013 Kazan,Russ"]
[Site "Kazan,Russia"]
[Date "2013.07.12"]
[Round "6.32"]
[White "Olebile, Thato"]
[Black "Schaerer, Julian"]
[Result "1/2-1/2"]
[WhiteElo "2108"]
[BlackElo "2294"]
[PlyCount "50"]
[EventDate "2013.07.09"]

1. d4 d5 2. c4 c6 3. Nc3 Nf6 4. e3 g6 5. Nf3 Bg7 6. b3 O-O 7. Be2 Bg4 8. O-O e6
9. h3 Bxf3 10. Bxf3 Nbd7 11. Bb2 Re8 12. Qc2 Qe7 13. a4 Rac8 14. Ba3 Qd8 15.
Rfd1 Qc7 16. Rac1 Nb6 17. cxd5 cxd5 18. Qa2 Qb8 19. a5 Nbd7 20. Be2 Bf8 21. a6
Rc6 22. Bxf8 Rxf8 23. Rc2 Rfc8 24. Rdc1 Kg7 25. Bb5 Rb6 1/2-1/2

[Event "27th Summer Universiade 2013 Kazan,Russ"]
[Site "Kazan,Russia"]
[Date "2013.07.12"]
[Round "6.33"]
[White "Caetano, Hugo Zanotti Mendon"]
[Black "Hesham, Abdelrahman"]
[Result "1/2-1/2"]
[WhiteElo "2152"]
[BlackElo "2375"]
[PlyCount "99"]
[EventDate "2013.07.09"]

1. d4 Nf6 2. c4 g6 3. Nc3 Bg7 4. e4 d6 5. f3 O-O 6. Bg5 c5 7. d5 e6 8. Qd2 exd5
9. cxd5 Re8 10. Nge2 a6 11. a4 Nbd7 12. Nc1 Qc7 13. Be2 Rb8 14. Rb1 c4 15. O-O
b5 16. axb5 axb5 17. b4 Ra8 18. Kh1 Qb7 19. Bd1 Ra3 20. N1e2 Ne5 21. Bc2 Bd7
22. h3 Nh5 23. g4 Nf6 24. Qf4 Nd3 25. Qxd6 Nxg4 26. Bxd3 Be5 27. Qc5 Rc8 28.
Qe7 Re8 29. Qc5 cxd3 30. hxg4 dxe2 31. Nxe2 Bxg4 32. fxg4 Qd7 33. Rf5 gxf5 34.
gxf5 Kh8 35. Qb6 Qd6 36. Qxd6 Bxd6 37. Bf6+ Kg8 38. Nc3 Be5 39. Bxe5 Rxe5 40.
Nxb5 Rd3 41. Nd6 Kf8 42. b5 Ke7 43. b6 Kxd6 44. b7 Re8 45. b8=Q+ Rxb8 46. Rxb8
Ke5 47. Re8+ Kf4 48. Kg2 h5 49. Re7 f6 50. e5 1/2-1/2

[Event "27th Summer Universiade 2013 Kazan,Russ"]
[Site "Kazan,Russia"]
[Date "2013.07.12"]
[Round "6.34"]
[White "Nanjo, Ryosuke"]
[Black "Fernandes, Carlos A"]
[Result "1/2-1/2"]
[WhiteElo "2299"]
[BlackElo "2122"]
[PlyCount "68"]
[EventDate "2013.07.09"]

1. e4 c5 2. Nc3 d6 3. f4 a6 4. Nf3 Nc6 5. d3 e6 6. Be2 b5 7. O-O Bb7 8. Qe1 Qc7
9. a4 b4 10. Nd1 Nf6 11. Ne3 Nd4 12. b3 Be7 13. Bb2 e5 14. fxe5 dxe5 15. Bxd4
exd4 16. Nf5 g6 17. Nxe7 Qxe7 18. Nd2 Nd7 19. Qg3 Ne5 20. Rf4 Bc8 21. Raf1 Be6
22. R4f2 Qd6 23. Qg5 h6 24. Qh4 Kd7 25. h3 g5 26. Qg3 Rag8 27. Bh5 g4 28. hxg4
Nxg4 29. Qxd6+ Kxd6 30. Bxf7 Rg7 31. Rf4 Ne3 32. R1f2 Rf8 33. e5+ Ke7 34. Bxe6
Rxf4 1/2-1/2

[Event "27th Summer Universiade 2013 Kazan,Russ"]
[Site "Kazan,Russia"]
[Date "2013.07.12"]
[Round "6.35"]
[White "Gantner, Matthias"]
[Black "Rajapakse, R M C M."]
[Result "0-1"]
[WhiteElo "2270"]
[BlackElo "2075"]
[PlyCount "82"]
[EventDate "2013.07.09"]

1. e4 c5 2. Nf3 d6 3. d4 cxd4 4. Nxd4 Nf6 5. Nc3 a6 6. Be3 e5 7. Nb3 Be6 8. f3
Be7 9. Qd2 h5 10. O-O-O Nbd7 11. h3 h4 12. f4 Rc8 13. Bd3 b5 14. Kb1 Qc7 15. a3
Qb7 16. Rhe1 Nb6 17. Na5 Qb8 18. fxe5 dxe5 19. Nd5 Nbxd5 20. exd5 Nxd5 21. Bg5
f6 22. Bg6+ Kf8 23. Qf2 Qb6 24. Qxb6 Nxb6 25. Bc1 Nc4 26. Nxc4 bxc4 27. c3 Bc5
28. Be4 Ke7 29. Be3 Bxe3 30. Rxe3 Rhd8 31. Rxd8 Rxd8 32. Kc1 g5 33. Bf3 Bd5 34.
Bxd5 Rxd5 35. Re4 Rc5 36. b4 cxb3 37. Kb2 f5 38. Ra4 a5 39. Kxb3 Kd6 40. c4 e4
41. Kc3 Ke5 0-1

[Event "27th Summer Universiade 2013 Kazan,Russ"]
[Site "Kazan,Russia"]
[Date "2013.07.12"]
[Round "6.36"]
[White "Kalnins, Kristaps"]
[Black "Gumpo, Thabo"]
[Result "1-0"]
[WhiteElo "2269"]
[BlackElo "2015"]
[PlyCount "117"]
[EventDate "2013.07.09"]

1. e4 c6 2. d4 d5 3. exd5 cxd5 4. Bd3 Nc6 5. c3 g6 6. Bf4 Bg7 7. Nf3 Bg4 8. O-O
Nf6 9. h3 Bxf3 10. Qxf3 O-O 11. Nd2 a6 12. Rfe1 Re8 13. g4 Qd7 14. Qg3 Nd8 15.
Nf3 Ne6 16. Ne5 Qc8 17. Bd2 Nd7 18. f4 Nxe5 19. fxe5 f6 20. h4 fxe5 21. dxe5
Nc5 22. Bc2 Qc7 23. h5 gxh5 24. Bf4 e6 25. Qh4 Ne4 26. gxh5 Qc5+ 27. Kh1 Qf2
28. Qxf2 Nxf2+ 29. Kg2 Rf8 30. Kg3 h6 31. Re2 Ne4+ 32. Bxe4 dxe4 33. Rxe4 Rf5
34. Kg4 Raf8 35. Rd1 R8f7 36. Rd8+ Rf8 37. Rd6 Re8 38. Rd7 Rf7 39. Red4 Ree7
40. Rxe7 Rxe7 41. Kf3 Kf7 42. Ke4 Rc7 43. c4 Ke7 44. Bd2 Rd7 45. Bb4+ Ke8 46.
Bd6 Rf7 47. Rd3 Rf5 48. Rg3 Kf7 49. Rb3 Rxh5 50. Rxb7+ Kg6 51. c5 Rh4+ 52. Kd3
Rh3+ 53. Kc2 Rh2+ 54. Kb3 Re2 55. Rxg7+ Kxg7 56. c6 Re1 57. Kc2 Re2+ 58. Kd3
Re1 59. Kd2 1-0

[Event "27th Summer Universiade 2013 Kazan,Russ"]
[Site "Kazan,Russia"]
[Date "2013.07.12"]
[Round "6.37"]
[White "Soares, Erikson Roberto Mau"]
[Black "Mooketsi, David"]
[Result "1-0"]
[WhiteElo "2193"]
[BlackElo "1847"]
[PlyCount "40"]
[EventDate "2013.07.09"]

1. Nf3 f5 2. d4 g6 3. c4 Bg7 4. Nc3 Nf6 5. g3 O-O 6. Bg2 d6 7. O-O c6 8. d5 e5
9. dxe6 Bxe6 10. Qd3 d5 11. Ng5 Bf7 12. Nxf7 Rxf7 13. cxd5 Rd7 14. Bg5 Qb6 15.
Qc4 Kh8 16. Rad1 c5 17. Na4 Qa6 18. Qxc5 h6 19. Qc8+ Kh7 20. Nc5 Qb5 1-0

[Event "27th Summer Universiade 2013 Kazan,Russ"]
[Site "Kazan,Russia"]
[Date "2013.07.12"]
[Round "6.38"]
[White "Garcia Fuentes, Sergio Mig"]
[Black "Kokome, Oaitse"]
[Result "1-0"]
[WhiteElo "2181"]
[BlackElo "1931"]
[PlyCount "57"]
[EventDate "2013.07.09"]

1. e4 d6 2. d4 Nf6 3. Nc3 g6 4. Bg5 Bg7 5. f4 h6 6. Bh4 c5 7. dxc5 Qa5 8. Bd3
Qxc5 9. Bf2 Qb4 10. Nge2 Qxb2 11. e5 Ng4 12. Bg1 dxe5 13. Nd5 Kd8 14. Bc5 exf4
15. c3 Ne3 16. Bxe3 fxe3 17. O-O Be6 18. Ndf4 Kc7 19. Nxe6+ fxe6 20. Nf4 Be5
21. Nxe6+ Kc8 22. Qg4 h5 23. Qe4 Nc6 24. Rab1 Qxa2 25. Bc4 Qa5 26. Bd5 e2 27.
Rfe1 Kd7 28. Rxe2 Qxc3 29. Rc2 1-0

[Event "27th Summer Universiade 2013 Kazan,Russ"]
[Site "Kazan,Russia"]
[Date "2013.07.12"]
[Round "6.39"]
[White "Chaulagain, Purushottam"]
[Black "De Mey, Juan Pablo"]
[Result "1/2-1/2"]
[WhiteElo "1923"]
[BlackElo "1951"]
[PlyCount "40"]
[EventDate "2013.07.09"]

1. Nf3 Nf6 2. d4 e6 3. c4 b6 4. Nc3 Bb7 5. Qc2 Bb4 6. Nd2 O-O 7. e4 c5 8. d5
exd5 9. cxd5 Re8 10. Be2 Qe7 11. O-O Bxc3 12. bxc3 Bxd5 13. Bf3 Bc6 14. Re1 d6
15. Bb2 Qc7 16. Rad1 b5 17. c4 a6 18. cxb5 axb5 19. e5 dxe5 20. Qxc5 Nfd7
1/2-1/2

[Event "27th Summer Universiade 2013 Kazan,Russ"]
[Site "Kazan,Russia"]
[Date "2013.07.12"]
[Round "6.40"]
[White "Hwang, Sungjae"]
[Black "Malgie, Avikaar"]
[Result "1/2-1/2"]
[WhiteElo "1830"]
[BlackElo "1773"]
[PlyCount "68"]
[EventDate "2013.07.09"]

1. Nf3 Nf6 2. d4 g6 3. c4 Bg7 4. Nc3 O-O 5. e4 d6 6. Be2 Nbd7 7. O-O c5 8. d5
Ne8 9. Qc2 Nc7 10. Rb1 Ne5 11. Re1 a6 12. b4 b6 13. Na4 Nd7 14. bxc5 bxc5 15.
Bd2 Rb8 16. Ba5 Bb7 17. Qd2 Qc8 18. Rb3 Re8 19. Reb1 Rf8 20. Bc3 Bxc3 21. Qxc3
Re8 22. Qb2 Ba8 23. Nb6 Nxb6 24. Rxb6 Rxb6 25. Qxb6 Rd8 26. Bd1 e6 27. Nd2 exd5
28. cxd5 Nb5 29. Qa5 Re8 30. Ba4 c4 31. Bxb5 axb5 32. f3 Qc5+ 33. Kh1 c3 34.
Nb3 Qc4 1/2-1/2

[Event "27th Summer Universiade 2013 Kazan,Russ"]
[Site "Kazan,Russia"]
[Date "2013.07.12"]
[Round "6.41"]
[White "Abrantes, Persson"]
[Black "Akunov, Maskat"]
[Result "1-0"]
[WhiteElo "2017"]
[BlackElo "1882"]
[PlyCount "70"]
[EventDate "2013.07.09"]

1. Nf3 d5 2. d4 Nf6 3. c4 c6 4. e3 e6 5. Nc3 Bd6 6. Bd3 dxc4 7. Bxc4 Nbd7 8. e4
Bb4 9. Qc2 O-O 10. O-O Qc7 11. e5 Nd5 12. Ng5 g6 13. Nce4 h6 14. Nf3 Kg7 15. h4
Be7 16. Ng3 c5 17. h5 cxd4 18. Qe2 N7b6 19. Bb3 Nd7 20. hxg6 fxg6 21. Qe4 Nc5
22. Qxd4 Nxb3 23. axb3 Qc5 24. Qg4 Qb4 25. Qh3 Nf4 26. Qh2 Qxb3 27. Bxf4 Rxf4
28. Nh5+ gxh5 29. Qxf4 Qxb2 30. Qh2 Qc2 31. Rac1 Qg6 32. Rc7 Qe8 33. Rd1 Qf7
34. Qg3+ Kf8 35. Nh4 Ke8 1-0